• 首页
  • 本馆介绍
  • 公告通知
  • 最新文献
  • 馆藏检索
  • 电子资源
  • 读者导购
  • 参考咨询
  • 我的图书馆
  • 登录
  • 详细信息显示
  • 放入我的书架
  • 预约/预借图书
  • 作者相关作品
  • 分类相关作品
  • 丛书相关作品
  • 出版社相关作品

书目信息

  • 表格格式
  • 工作单格式
  • 卡片格式
题名:
相约夕阳红
    
 
作者: 阚兆江 主编
分册:  
出版信息: 北京   中国大百科全书出版社  2001
页数: 21,360页
开本: 21cm
丛书名:
单 册:
中图分类: G222.3
科图分类:
主题词: 老年人--生活--电视节目--中国--文集
电子资源:
ISBN: 7-5000-6419-5
000 01063nam0 2200301 450
000 01028nam0 2200289 450
000 00991nam0 2200277 450
000 00946nam0 2200277 450
000 00909nam0 2200265 450
000 00842nam0 2200241 450
001 0104000022
005 20061025150609.97
010    @a7-5000-6419-5@dCNY23.50
100    @a20050927d2001 em y0chiy0110 ea
101 0  @achi
102    @aCN@b110000
105    @aa z 000yd
200 1  @a相约夕阳红@Axiang yue xi yang hong@f阚兆江主编@Fkan zhao jiang zhu bian
210    @a北京@c中国大百科全书出版社@d2001
215    @a21,360页@c照片@d21cm
330    @a《相约夕阳红》是中央电视台《夕阳红》栏目的周六版。它以谈话节目为形式,“说家长里短”,“道人间冷暖”,旨在增进老年人与家庭及社会的交流和沟通。
606 0  @a老年人@x生活@x电视节目@y中国@j文集
690    @aG222.3@v4
701  0 @a阚兆江@9kan zhao jiang@4主编
801  0 @aCN@b北京荣雅伟业图书经销中心@c20061025
905    @aBZT@dG222.3@e3
906    @dCNY23.50@n0@r1
    
    相约夕阳红/阚兆江主编.-北京:中国大百科全书出版社,2001
    21,360页:照片;21cm
    
    
    ISBN 7-5000-6419-5:CNY23.50
    《相约夕阳红》是中央电视台《夕阳红》栏目的周六版。它以谈话节目为形式,“说家长里短”,“道人间冷暖”,旨在增进老年人与家庭及社会的交流和沟通。
●
相关链接 在五车中查询图书 在当当中查询图书 在豆瓣中查询图书


正题名:相约夕阳红     索取号:G222.3/3         预约/预借

序号 登录号 条形码 馆藏地/架位号 状态 备注
1 510956   230092616   中心书库北库/ 北库032架B面1列2层48/ [索取号:G222.3/3] 在馆    
2 510957   230092615   中心书库北库/ 北库032架B面1列2层47/ [索取号:G222.3/3] 在馆    
3 510958   230092614   中心书库北库/ 北库032架B面1列2层50/ [索取号:G222.3/3] 在馆    
4 510959   230092613   中心书库北库/ 北库032架B面1列2层46/ [索取号:G222.3/3] 在馆    
5 510960   230092611   中心书库北库/ 北库032架B面1列2层49/ [索取号:G222.3/3] 在馆    
山东省滨州职业学院图书馆 欢迎您!
大连网信软件有限公司© 版权所有